Dans quel Pays arrive-t-on? - Statistiques

Statistiques générales
  • Ce quiz a été pris 482 fois
  • Le résultat moyen est 15 sur 20
Statistiques - réponses
Hint Réponse % Correct
France : on passe la frontière à Strasbourg Allemagne
100%
On revient vers l'ouest et on traverse le Liechtenstein: on arrive en ... Suisse
94%
On prend le bateau pour se rendre dans le pays africain le plus proche Tunisie
93%
On va vers le sud et on suit le Danube. On passe la frontière Autriche
91%
On passe la frontière par le Lac Majeur Italie
91%
On passe la frontière au sud-est et on arrive en... Libye
85%
On traverse le pays d'ouest en est et on arrive dans ce pays Egypte
83%
On remonte le cours du fleuve principal pour arriver au... Soudan
75%
On traverse le Koweït pour se rendre dans ce pays Irak
72%
On suit la "branche bleue" du fleuve pour aller en ... Ethiopie
70%
On continue vers le nord. On arrive en ... Arabie Saoudite
68%
On traverse l'Irak pour se rendre en... Iran
68%
On traverse la frontière la plus à l'est du pays Somalie
68%
On reprend un bateau et on se dirige vers le nord. On accoste au ... Yémen
68%
On traverse la frontière nord en suivant l'Euphrate Syrie
61%
On se rend jusqu'à la capitale du pays pour passer la frontière à l'ouest de celle-ci Liban
60%
On se rend au sud pour aller dans le pays suivant... Israel
59%
On passe la frontière sud Jordanie
56%
On passe la frontière nord Russie
50%
On traverse la Mer Caspienne jusque son point le plus au nord Kazakhstan
42%
Aucun quiz correspondant
Distribution des résultats
% des personnes avec chaque résultat
Percentile par nombre de réponses
Votre historique - résultats
Vous n’avez pas pris ce quiz